000 00425nam a2200169 a 4500
001 0000-8601
003 ELIB.Books
008 110520 1945
035 _a(ELIB.Books)0000-8747
082 _aFic
_bUll
100 _aUllman, James Ramsey
245 _aThe White Tower
260 _bPhiladelphia: J.B. Lippincott Company
_c1945
650 _aFiction
942 _2ddc
_cBK
998 _cbat
_e2011-05-20
999 _c8601
_d8601